000 00643nam a2200241Ia 4500
003 OSt
005 20221007081022.0
006 a|||||r|||| 00| 0
007 ta
008 221006b |||||||| |||| 00| 0 eng d
024 _a10,390
037 _cTextual
040 _aFLL
_cFLL
_beng
041 _2eng
_aeng
082 _aD3:Z73:N55, J5.6
100 _aMountain Rocky Au.
_9696151
245 0 _aMineral law institute
260 _aNew York
_bMatthew bender and company New
_c1961
300 _a707p
_ccm.
490 _vVol.6
942 _hD3:Z73:N55, J5.6
_cTEXL
_2CC
999 _c1161689
_d1161689